000 01392cam a2200289 4500
999 _c126564
_d126564
005 20200213110905.0
008 200212b sp ||||| |||| 00| 0 spa d
020 _a8481556718
050 0 4 _aK902.U7
_bF54 2000
245 0 3 _aLa figura jurídica del arrendamiento urbano
_b: los procedimientos arrendaticios antes y después de la LEC 2000, la relación existente entre las hipotecas y los arrendamientos urbanos, el arbitraje y la enervación de la acción en los procesos de desahucio
_c/ Dirigido por Antonio Álvarez-Ossorio Gálvez, Emilio Moreno y Bravo ; prólogo de Luis Díez-Picazo y Ponce de León ; autores Antonio Álvarez-Ossorio Gálvez... [et al.]
250 _a1a. ed.
260 _aMadrid :
_bDykinson,
_c2000
300 _a167 p. ;
_c21 cm.
650 7 _2lemb
_aArrendamiento
650 7 _2lemb
_aHipotecas
700 1 _aÁlvarez-Ossorio Gálvez, Antonio
_edirector
700 1 _aMoreno y Bravo, Emilio,
_edirector
700 1 _aDíez-Picazo y Ponce de León, Luis
_eprologuista
700 1 _aÁlvarez-Ossorio Gálvez, Antonio
_eautor
700 1 _aDíaz Martín, José Ignacio
_eautor
942 _2lcc
_cLIB